The web of modularity : arithmetic of the coefficients of modular forms and q-series /
Guardado en:
| Autor Principal: | |
|---|---|
| Formato: | Libro |
| Idioma: | English |
| Publicado: |
Providence, R.I. :
Published for the Conference Board of the Mathematical Sciences by the American Mathematical Society with support from the National Science Foundation,
c2004.
|
| Series: | Regional conference series in mathematics ;
no. 102. |
| Materias: | |
| Etiquetas: |
Agregar Etiqueta
Sin Etiquetas, Sea el primero en etiquetar este registro!
|
| LEADER | 01016cam a22002414a 4500 | ||
|---|---|---|---|
| 001 | MAT.inmabb004081 | ||
| 008 | 031105s2004####riu######b####001#0#eng## | ||
| 005 | 20130228131124.0 | ||
| 245 | 1 | 4 | |a The web of modularity : |b arithmetic of the coefficients of modular forms and q-series / |c Ken Ono. |
| 260 | |a Providence, R.I. : |b Published for the Conference Board of the Mathematical Sciences by the American Mathematical Society with support from the National Science Foundation, |c c2004. | ||
| 300 | |a xii, 129 p. ; |c 26 cm. | ||
| 490 | 1 | |a CBMS regional conference series in mathematics, |x 0160-7642 ; |v no. 102 | |
| 504 | |a Incluye referencias bibliográficas e índice. | ||
| 510 | 4 | |a MR, |c 2005c:11053 | |
| 020 | |a 0821833685 | ||
| 100 | 1 | |a Ono, Ken, |d 1968- | |
| 830 | 0 | |a Regional conference series in mathematics ; |v no. 102. | |
| 650 | 0 | |a Forms, Modular. | |
| 650 | 0 | |a q-series. | |
| 084 | |a 11F30 (05A30 11F11 11F37) |2 msc2000 | ||
| 010 | |a 2003063710 | ||
| 040 | |a DLC |c DLC |d DLC | ||
| 859 | |h 11 |i On585 |p A-8425 |b BIB. MATEMATICA | ||
